MARC

LEADER 00000nam0a2200000 4500
001 189532
005 20250806103948.0
035 |a (RuTPU)RU\TPU\book\206161 
090 |a 189532 
100 |a 20101225d2010 m y0rusy50 ca 
101 0 |a rus 
102 |a RU 
105 |a a j 001zy 
135 |a drcn ---uucaa 
181 0 |a i   |b  e  
182 0 |a b 
183 0 |a cr  |2 RDAcarrier 
200 1 |a Атомные электростанции  |e учебное пособие  |f А. М. Антонова, А. В. Воробьёв  |g Национальный исследовательский Томский политехнический университет (ТПУ) 
203 |a Текст  |c электронный  |b визуальный 
205 |a 2-е изд., перераб. и доп. 
210 |a Томск  |c Изд-во ТПУ  |d 2010 
283 |a online_resource  |2 RDAcarrier 
300 |a Заглавие с титульного экрана 
300 |a Электронная версия печатной публикации 
371 0 |a AM_Login_teacher  |c Пароль предоставляется студентам, изучающим дисциплину 
488 1 |0 (RuTPU)RU\TPU\book\193705  |t Атомные электростанции  |o учебное пособие для вузов  |f А. М. Антонова, А. В. Воробьёв  |g Томский политехнический университет (ТПУ)  |c Томск  |n Изд-во ТПУ  |d 2009  |p 275 с. 
606 1 |a Атомные электростанции  |2 stltpush  |3 (RuTPU)RU\TPU\subj\29788  |9 53050 
610 1 |a атомная энергетика 
610 1 |a атомная энергия 
610 1 |a АЭС 
610 1 |a ядерное топливо 
610 1 |a теплоносители 
610 1 |a реакторы 
610 1 |a теплофикация 
610 1 |a турбины 
610 1 |a роторы 
610 1 |a расчеты 
610 1 |a проектирование 
610 1 |a паровые турбины 
610 1 |a реакторные установки 
610 1 |a учебные пособия 
610 1 |a труды учёных ТПУ 
610 1 |a электронный ресурс 
675 |a 621.311.25:621.039(075.8)  |v 3 
700 1 |a Антонова  |b А. М.  |c специалист в области энергетики  |c доцент Томского политехнического университета, кандидат технических наук  |f 1952-  |g Александра Михайловна  |3 (RuTPU)RU\TPU\pers\26028  |9 11875 
701 1 |a Воробьёв  |b А. В.  |c специалист в области энергетики  |c доцент Томского политехнического университета, кандидат технических наук  |f 1949-  |g Александр Владимирович  |3 (RuTPU)RU\TPU\pers\26029  |4 070  |9 11876 
712 0 2 |a Национальный исследовательский Томский политехнический университет (ТПУ)  |c (2009- )  |3 (RuTPU)RU\TPU\col\15902 
801 1 |a RU  |b 63413507  |c 20101225 
801 2 |a RU  |b 63413507  |c 20120706  |g RCR 
850 |a 63413507 
856 4 |u https://www.lib.tpu.ru/fulltext2/m/2010/m281.pdf  |z https://www.lib.tpu.ru/fulltext2/m/2010/m281.pdf 
942 |c CF